<?xml version="1.0" encoding="UTF-8"?>
<record
    xmlns:xsi="http://www.w3.org/2001/XMLSchema-instance"
    xsi:schemaLocation="http://www.loc.gov/MARC21/slim http://www.loc.gov/standards/marcxml/schema/MARC21slim.xsd"
    xmlns="http://www.loc.gov/MARC21/slim">

  <leader>01214nam a22002537a 4500</leader>
  <controlfield tag="005">20150701111657.0</controlfield>
  <controlfield tag="008">150701b2007    ck ||||| |||| 00| 0 spa d</controlfield>
  <datafield tag="040" ind1=" " ind2=" ">
    <subfield code="a">CO-BoIAVH</subfield>
    <subfield code="c">CO-BoIAVH</subfield>
  </datafield>
  <datafield tag="041" ind1=" " ind2=" ">
    <subfield code="a">spa</subfield>
  </datafield>
  <datafield tag="044" ind1=" " ind2=" ">
    <subfield code="a">ck</subfield>
  </datafield>
  <datafield tag="090" ind1=" " ind2=" ">
    <subfield code="a">AR</subfield>
    <subfield code="b">01891</subfield>
  </datafield>
  <datafield tag="100" ind1="1" ind2=" ">
    <subfield code="a">Huertas H., Blanca C.</subfield>
    <subfield code="9">35094</subfield>
  </datafield>
  <datafield tag="245" ind1="1" ind2=" ">
    <subfield code="a">Estudio prel&#xF1;iminar de la entomofauna de la Serran&#xED;a de los Churumbelos: mariposas diurnas y escarabajos copr&#xF3;fagos/</subfield>
    <subfield code="c">Blanca Huertas &amp; John Jairo Arias</subfield>
  </datafield>
  <datafield tag="260" ind1=" " ind2=" ">
    <subfield code="a">Bogot&#xE1;:</subfield>
    <subfield code="b">ProAves,</subfield>
    <subfield code="c">2007.</subfield>
  </datafield>
  <datafield tag="300" ind1=" " ind2=" ">
    <subfield code="a">A&#xF1;o 2007, Nro 3, Agosto, Pag. 67-76.</subfield>
  </datafield>
  <datafield tag="500" ind1=" " ind2=" ">
    <subfield code="a">Incluye inventario de escarabajos (Pag. 73-74).</subfield>
  </datafield>
  <datafield tag="504" ind1=" " ind2=" ">
    <subfield code="a">Incluye referencias bibliogr&#xE1;ficas (Pag. 74-76).</subfield>
  </datafield>
  <datafield tag="520" ind1=" " ind2=" ">
    <subfield code="a">Se presenta una sinopsis de los resultados preliminares obetenidos en la Serran&#xED;a de los Churumbelos en lo que a entornoforma concierne (Lepidoptera y Coleoptera) durante el desarrollo de la expedici&#xF3;n Colombia '98.</subfield>
  </datafield>
  <datafield tag="650" ind1=" " ind2="4">
    <subfield code="a">Lepidoptera</subfield>
    <subfield code="z">Regi&#xF3;n Andina</subfield>
    <subfield code="z">Colombia</subfield>
    <subfield code="9">35095</subfield>
  </datafield>
  <datafield tag="650" ind1=" " ind2="4">
    <subfield code="a">Coleoptera</subfield>
    <subfield code="z">Regi&#xF3;n Andina</subfield>
    <subfield code="z">Colombia</subfield>
    <subfield code="9">35096</subfield>
  </datafield>
  <datafield tag="700" ind1="1" ind2=" ">
    <subfield code="a">Arias B., John Jairo</subfield>
    <subfield code="9">35097</subfield>
  </datafield>
  <datafield tag="773" ind1="0" ind2=" ">
    <subfield code="d">Bogot&#xE1; :  Fundaci&#xF3;n ProAves,  2006-</subfield>
    <subfield code="o">038447</subfield>
    <subfield code="t">Revista Conservaci&#xF3;n Colombiana</subfield>
    <subfield code="x">19001592</subfield>
  </datafield>
  <datafield tag="942" ind1=" " ind2=" ">
    <subfield code="2">z</subfield>
    <subfield code="c">ARTICULO</subfield>
  </datafield>
  <datafield tag="999" ind1=" " ind2=" ">
    <subfield code="c">17508</subfield>
    <subfield code="d">17508</subfield>
  </datafield>
  <datafield tag="952" ind1=" " ind2=" ">
    <subfield code="0">0</subfield>
    <subfield code="1">0</subfield>
    <subfield code="2">z</subfield>
    <subfield code="4">0</subfield>
    <subfield code="7">1</subfield>
    <subfield code="8">HEMEROTECA</subfield>
    <subfield code="A">2007</subfield>
    <subfield code="C">3</subfield>
    <subfield code="a">Bogota</subfield>
    <subfield code="b">Bogota</subfield>
    <subfield code="d">2015-07-01</subfield>
    <subfield code="e">Fundaci&#xF3;n ProAves</subfield>
    <subfield code="h">Fuera de circulaci&#xF3;n</subfield>
    <subfield code="l">0</subfield>
    <subfield code="o">AR-01891</subfield>
    <subfield code="p">AUTO_29273</subfield>
    <subfield code="r">2015-07-01 00:00:00</subfield>
    <subfield code="t">Ej. 1</subfield>
    <subfield code="w">2015-07-01</subfield>
    <subfield code="y">ARTICULO</subfield>
  </datafield>
</record>
